Transdisciplinary paradigm: moving forward the ecumenical theological project
| Contributors: | |
|---|---|
| Format: | Print Book |
| Language: | English |
| Subito Delivery Service: | Order now. |
| Check availability: | HBZ Gateway |
| WorldCat: | WorldCat |
| Interlibrary Loan: | Interlibrary Loan for the Fachinformationsdienste (Specialized Information Services in Germany) |
| Published: |
Enugu, Nigeria
The Ecumenical Association of Nigerian Theologians
[2025]
|
| In: |
Bulletin of ecumenical theology (vol. 37 (2025))
Year: 2025 |
| Series/Journal: | Bulletin of ecumenical theology
vol. 37 (2025) |
| Standardized Subjects / Keyword chains: | B
Ecumene
/ Interdisciplinarity
|
| IxTheo Classification: | KDJ Ecumenism ZA Social sciences |
| Further subjects: | B
Collection of essays
|
| Online Access: |
Table of Contents |
MARC
| LEADER | 00000cam a2200000 c 4500 | ||
|---|---|---|---|
| 001 | 1940714745 | ||
| 003 | DE-627 | ||
| 005 | 20251128181053.0 | ||
| 007 | tu | ||
| 008 | 251110s2025 xx ||||| 00| ||eng c | ||
| 035 | |a (DE-627)1940714745 | ||
| 035 | |a (DE-599)KXP1940714745 | ||
| 035 | |a (OCoLC)1549637728 | ||
| 040 | |a DE-627 |b ger |c DE-627 |e rda | ||
| 041 | |a eng | ||
| 084 | |a 1 |2 ssgn | ||
| 245 | 0 | 0 | |a Transdisciplinary paradigm |b moving forward the ecumenical theological project |c editor: Elochukwu E. Uzukwu - Duquesne University, Pittsburg, PA |
| 264 | 1 | |a Enugu, Nigeria |b The Ecumenical Association of Nigerian Theologians |c [2025] | |
| 300 | |a 97 Seiten | ||
| 336 | |a Text |b txt |2 rdacontent | ||
| 337 | |a ohne Hilfsmittel zu benutzen |b n |2 rdamedia | ||
| 338 | |a Band |b nc |2 rdacarrier | ||
| 490 | 1 | |a Bulletin of Ecumenical Theology |v vol. 37 (2025) | |
| 601 | |a Paradigma | ||
| 601 | |a Theologe | ||
| 652 | |a KDJ:ZA | ||
| 655 | 7 | |a Aufsatzsammlung |0 (DE-588)4143413-4 |0 (DE-627)105605727 |0 (DE-576)209726091 |2 gnd-content | |
| 689 | 0 | 0 | |d s |0 (DE-588)4138445-3 |0 (DE-627)105642592 |0 (DE-576)20968609X |2 gnd |a Ökumene |
| 689 | 0 | 1 | |d s |0 (DE-588)4449808-1 |0 (DE-627)226987299 |0 (DE-576)212185314 |2 gnd |a Interdisziplinarität |
| 689 | 0 | |5 (DE-627) | |
| 700 | 1 | |e HerausgeberIn |0 (DE-588)1049318501 |0 (DE-627)781658500 |0 (DE-576)164531920 |4 edt |a Uzukwu, Elochukwu |d 1945- | |
| 830 | 0 | |a Bulletin of ecumenical theology |v vol. 37 (2025) |9 2024,37 |w (DE-627)170772098 |w (DE-576)028052366 |w (DE-600)1103757-X |x 0794-8670 |7 am | |
| 856 | 4 | 2 | |u https://swbplus.bsz-bw.de/bsz1940714745inh.htm |m V:DE-576 |m B:DE-21 |v 20251122200311 |3 Inhaltsverzeichnis |7 1 |
| 951 | |a BO | ||
| ACO | |a 1 | ||
| ELC | |b 1 | ||
| ITA | |a 1 |t 1 | ||
| LOK | |0 000 xxxxxcx a22 zn 4500 | ||
| LOK | |0 001 4801803687 | ||
| LOK | |0 003 DE-627 | ||
| LOK | |0 004 1940714745 | ||
| LOK | |0 005 20251110094544 | ||
| LOK | |0 008 251110||||||||||||||||ger||||||| | ||
| LOK | |0 040 |a DE-21 |c DE-627 |d DE-21 | ||
| LOK | |0 852 |a DE-21 | ||
| LOK | |0 852 1 |c ZA 8451-37 |9 00 | ||
| LOK | |0 935 |a theo |a zest | ||
| LOK | |0 938 |a 2511 |f 2 | ||
| LOK | |0 939 |a 10-11-25 |b l01 | ||
| LOK | |0 000 xxxxxcx a22 zn 4500 | ||
| LOK | |0 001 4815702950 | ||
| LOK | |0 003 DE-627 | ||
| LOK | |0 004 1940714745 | ||
| LOK | |0 005 20251128181053 | ||
| LOK | |0 008 251128||||||||||||||||ger||||||| | ||
| LOK | |0 040 |a DE-Tue135 |c DE-627 |d DE-Tue135 | ||
| LOK | |0 092 |o n | ||
| LOK | |0 852 |a DE-Tue135 | ||
| LOK | |0 852 1 |9 00 | ||
| LOK | |0 936ln |0 1442050608 |a KDJ | ||
| LOK | |0 936ln |0 1442053771 |a ZA | ||
| LOK | |0 939 |a 28-11-25 |b l01 | ||
| ORI | |a SA-MARC-ixtheoa001.raw | ||
| REL | |a 1 | ||
| STA | 0 | 0 | |a Ecumene,Ecumene,Interconfessional dialog,Interdisciplinarity |
| STB | 0 | 0 | |a Interdisciplinarité,Œcuménisme,Œcuménisme |
| STC | 0 | 0 | |a Ecumenismo,Ecumenismo,Interdisciplinaridad |
| STD | 0 | 0 | |a Ecumenismo,Ecumenismo,Interdisciplinarità |
| STE | 0 | 0 | |a 普世教会合一,科际整合 |
| STF | 0 | 0 | |a 普世教會合一,科際整合 |
| STG | 0 | 0 | |a Ecumenismo,Ecumenismo,Interdisciplinaridade |
| STH | 0 | 0 | |a Интердисциплинарность,Экуменизм (мотив),Экуменизм |
| STI | 0 | 0 | |a Διεπιστημονικότητα,Οικουμενισμός (μοτίβο),Οικουμενισμός |
| SUB | |a REL | ||